000 00759nam a22002417a 4500
999 _c5175
_d5175
001 20750
003 GBCCL
005 20241126110535.0
008 180301b ||||| |||| 00| 0 eng d
020 _a8172144296
040 _aDLC
_cDLC
082 _a221.95
_bHOL
092 _a225.951
_bS961
100 1 _aHolder, John
_99321
245 1 0 _aThe intertestamental period :
_bOld Testament introduction 4
260 _aDelhi :
_bISPCK,
_c2001
300 _a149 p. ;
_c24 cm.
440 _aISPCK International study guide 31
_912891
630 0 0 _aBible.
_pO.T.
_pApocrypha
_xIntroductions.
_99323
650 0 _aJudaism
_xHistory
_yPost-exilic period, 586 B.C.-210 A.D.
_9114
650 0 _aApocryphal books (Old Testament)
_xIntroductions.
_99324
942 _2ddc
_cBK
_026